000 00293nam a2200121Ia 4500
008 231129s1972||||xx |||||||||||||| ||spa||
082 _aHAJ- 0355
100 _aBreton Guy
245 0 _aNapoleón y Marí­a Luisa
260 _c1972
264 _aBarcelona: Bruguera 1972
942 _2ddc
_cBKS
999 _c21581
_d21581